| 000 | 01246nam a2200253 4500 | ||
|---|---|---|---|
| 003 | CO-ViMGA | ||
| 020 | _a9789583049583 | ||
| 040 |
_aCO-ViMGA _bspa _cCO-ViMGA |
||
| 090 | _aC SCHs | ||
| 100 | 1 |
_a Schimel, Lawrence, _d1971- _9198 |
|
| 245 | 1 | 0 |
_aSomos iguales / _cLawrence Schimel ; ilustraciones de Ann De Bode ; edición Margarita Montenegro Villalba ; traducción Gina Marcela Orozco |
| 260 |
_aBogota : _bPanamericana, _c2018 |
||
| 300 |
_a 29 páginas, 3 páginas sin numerar : _b ilustraciones en color ; 31 cm |
||
| 500 | _aRecomendado para niños de 6 a 9 años | ||
| 520 | _a"Kwame quiere unas gafas. Sus ojos están bien, pero su hermano, su mamá y su papá llevan gafas. ¡Ahora ustedes son iguales y yo no, y todo el mundo puede verlo! dice Kwame. Una cálida y tierna historia acerca de la adopción y el vínculo familiar". | ||
| 534 | _t Wij horen bij elkaar | ||
| 650 | 1 | 4 |
_aCuentos infantiles estadounidenses _y Siglo xx _92317 |
| 650 | 1 | 4 |
_aLiteratura infantil estadounidense _y Siglo xx _92318 |
| 650 | 1 | 4 |
_aVida cotidiana en la literatura _92319 |
| 700 | 1 |
_a Bode, Ann de, _eil. _92320 |
|
| 700 | 1 |
_a Montenegro Villalba, Margarita, _eed. _9131 |
|
| 700 | 1 |
_a Orozco, Gina Marcela, _etr. _91539 |
|
| 942 |
_2ddc _cBK |
||
| 999 |
_c37198 _d37198 |
||